Decentralization in Ukraine: Status and Prospects

Proces a analýza prvých výsledkov nových právnych predpisov a možné problémy a spôsoby ich riešenia v procese ďalších zmien decentralizácie na Ukrajine. Ukrajina je v súčasnosti v stave politickej, sociálnej a ekonomickej turbulencie. Reforma všetkých sfér spoločenského života, rovnováha síl a vývo...

Ausführliche Beschreibung

Gespeichert in:
Bibliographische Detailangaben
1. Verfasser: Stashuk, Vitalii, 1972-
Format: Buchkapitel
Sprache:Englisch
Schlagworte:
Tags: Tag hinzufügen
Keine Tags, Fügen Sie das erste Tag hinzu!

MARC

LEADER 00000nla a2200000 4500
001 0213538
005 20240502073549.2
041 0 |a eng 
044 |a SK 
245 1 0 |a Decentralization in Ukraine: Status and Prospects  |c Vitalii Stashuk 
520 |a Proces a analýza prvých výsledkov nových právnych predpisov a možné problémy a spôsoby ich riešenia v procese ďalších zmien decentralizácie na Ukrajine. Ukrajina je v súčasnosti v stave politickej, sociálnej a ekonomickej turbulencie. Reforma všetkých sfér spoločenského života, rovnováha síl a vývoj krajiny všeobecne. 
610 2 0 |a Ukrajina 
610 2 0 |a decentralizácia 
610 2 0 |a integrácia ekonomická 
610 2 0 |a reformy štruktúrne 
610 2 0 |a štruktúra vnútroodvetvová 
610 2 0 |a regióny 
610 2 0 |a adaptabilita 
610 2 0 |a právo štátne 
100 1 |a Stashuk, Vitalii, 1972-